| 000 | 00553nam a22002057a 4500 | ||
|---|---|---|---|
| 003 | OSt | ||
| 005 | 20140310182915.0 | ||
| 008 | 130129t xxu||||| |||| 00| 0 eng d | ||
| 020 | _a9715844154 | ||
| 050 |
_aJX 3695.P6 _b.M188 2005 |
||
| 082 |
_aFIL 341 _b.M188 2005 |
||
| 245 |
_aFundamentals of public international law _cMagallona, Merlin M. |
||
| 260 |
_aManila _bC & E Publishing _c 2005 |
||
| 300 |
_axiii, 858 p. _c22 cm. |
||
| 521 | _acollege students | ||
| 526 | _c1210L-1700L | ||
| 541 | _j1 | ||
| 562 | _e1 | ||
| 942 |
_2lcc _cBK _kFIL |
||
| 999 |
_c17275 _d17275 |
||